Developing as an educational leader and manager
Guardat en:
| Autor principal: | |
|---|---|
| Format: | Llibre |
| Idioma: | anglès |
| Publicat: |
Sage Publications
2014
|
| Etiquetes: |
Afegir etiqueta
Sense etiquetes, Sigues el primer a etiquetar aquest registre!
|
MARC
| LEADER | 00000nam a22000007a 4500 | ||
|---|---|---|---|
| 008 | 210330b ||||| |||| 00| 0 eng d | ||
| 020 | |a 978-0-8570-2923-2 | ||
| 100 | |a CRAWFORD, Megan. | ||
| 245 | |a Developing as an educational leader and manager |c Megan Crawford. |g x; 215p.; ill. | ||
| 260 | |b Sage Publications |c 2014 |h Los Angeles |i 692092 |i 692093 |l LB2806 .C84 |m Educational leadership – Great Britain |m School administrators – Training of – Great Britain. |m School management and organization – Great Britain. | ||
| 500 | |a “It includes index and references” | ||
| 942 | |a lcc |c BK |e YUNUSA, A.A. |f 30/3/21 | ||
| 952 | |0 0 |1 0 |2 lcc |4 0 |6 LB2806 C84 |7 0 |9 2001 |a HOL |b ED |c LP |d 2021-03-30 |l 0 |o LB2806 .C84 |p 2021-5862 |r 2021-03-30 00:00:00 |w 2021-03-30 |y BK | ||
| 952 | |0 0 |1 0 |2 lcc |4 0 |6 LB2806 C84 |7 0 |9 2002 |a HOL |b HOL |c LP |d 2021-03-30 |l 0 |o LB2806 .C84 |p 2021-5863 |r 2021-03-30 00:00:00 |w 2021-03-30 |y BK | ||
| 999 | |c 1049 |d 1049 | ||